Analysis and design of digital integrated circuits

Uloženo v:
Podrobná bibliografie
Hlavní autoři: Hodges, David A (Autor), Jackson, Horace G (Autor)
Médium: Kniha
Jazyk:angličtina
Vydáno: Boston McGraw Hill 1988
Vydání:2a. ed
Témata:
Tagy: Přidat tag
Žádné tagy, Buďte první, kdo vytvoří štítek k tomuto záznamu!

MARC

LEADER 00000nam a2200000 a 4500
001 UCP7304
003 CL-VaPUC
008 991210e19880000US |||||||||||||||||eng|d
082 0 4 |a 621.381  |b HOD  |2 21 
100 |a Hodges, David A  |e author  |9 436860 
700 0 |a Jackson, Horace G  |e author  |9 436861 
245 1 0 |a Analysis and design of digital integrated circuits 
250 |a 2a. ed 
300 |a 463 p 
942 |c BK 
945 |d 19991210 00:00:00  |a rbrito 
260 |a Boston  |b McGraw Hill  |c 1988 
650 0 |a Circuitos integrados   |9 260673 
650 0 |a Electrónica digital   |9 263160 
650 0 |a Semiconductores  |9 260250 
650 0 |a Transistores  |9 260330 
650 0 |a Diodos  |9 260678 
650 0 |a Circuitos lógicos   |9 263161 
650 0 |a Diseño de circuitos   |9 436862 
583 |a last modification  |c 19991210 00:00:00  |k Rodrigo Vera 
999 |c 284606  |d 284604 
952 |0 0  |1 0  |4 0  |6 621_381000000000000_HOD_1988  |7 0  |8 A  |9 328746  |a BIBING  |b BIBING  |d 2019-11-20  |i 3585816  |o 621.381 HOD 1988  |p 3585816  |r 2025-01-20  |w 2019-11-20  |y BK  |k ING 
952 |0 0  |1 0  |4 0  |6 621_381000000000000_HOD_1988  |7 0  |8 A  |9 328747  |a BIBING  |b BIBING  |d 2019-11-20  |i 3585824  |o 621.381 HOD 1988  |p 3585824  |r 2025-01-20  |w 2019-11-20  |y BK  |k ING